House of the dragon personnages par image - Statistiques

Statistiques générales
  • Ce quiz a été pris 330 fois
  • Le résultat moyen est 14 sur 20
Statistiques - réponses
Par images Réponse % Correct
Aegon Targaryen
95%
Aemond Targaryen
93%
Daemon targaryen
93%
Alicent hightower
91%
Otto hightower
88%
Rhaenyra targaryen
87%
Viserys targaryen
84%
Rhaenys targaryen
81%
Helaena targaryen
75%
Baela targaryen
74%
Criston cole
73%
Rhaena targaryen
69%
Lucerys velaryon
63%
Laenor velaryon
62%
Jacaerys velaryon
57%
Laena velaryon
57%
Harwin strong
44%
Mysaria
42%
Larys strong
41%
Alys rivers
31%
Aucun quiz correspondant
Distribution des résultats
% des personnes avec chaque résultat
Percentile par nombre de réponses
Votre historique - résultats
Vous n’avez pas pris ce quiz